00653nam a2200169 a 4500008004100000020001500041050001400056100002200070245005700092260003900149300001000188350000900198650002000207995010900227999001700336952013000353120416s1974 ||||||||||||||||| || u a0715394576 aD 743 Peo aMoynihan, Michael10aPeople at war: 1939-1945cedited by Michael Moynihan aNew York:bDavid and Charlesc1974 a216p. a0.00 0aAFRICA--HISTORY D0.00FCBU-MAIN LIBRARY (Kitwe)H1I4.95M1UAVAILABLEWJun 23, 2006ZMain Library Open Access Collection c53299d53299 00102lcc4070a001b001cMain Library Open Access Collectiond2022-11-30l0oD 743 Peop000570r2022-11-30w2022-11-30y002